Daňové výdavky na hrane

Pokračovanie príspevku z predchádzajúceho čísla. Goodwill z hľadiska dane z príjmov fyzických osôb.

Na minha lista:
Detalhes bibliográficos
Autor principal: Burák, Emil
Formato: Capítulo de Livro
Idioma:eslovaco
Assuntos:
Tags: Adicionar Tag
Sem tags, seja o primeiro a adicionar uma tag!

MARC

LEADER 00000naa a2200000 4500
001 0180451
005 20231207112101.4
041 0 |a slo 
044 |a SK 
245 1 0 |a Daňové výdavky na hrane  |c Emil Burák 
520 |a Pokračovanie príspevku z predchádzajúceho čísla. Goodwill z hľadiska dane z príjmov fyzických osôb. 
610 2 0 |a výdavky daňové 
610 2 0 |a goodwill 
610 2 0 |a osoby fyzické 
610 2 0 |a dane z príjmov 
100 1 |a Burák, Emil